000
002670000a22000970004500
100
1
_a
Cuthbertson, Malcolm
245
1
0
_a
The kingdom and the poor
300
_a
Vol. 4, Num. 2 (1986), Páginas 123-133
773
0
_t
Scottish Bulletin of Evangelical Theology
942
_c
ANA
999
_c
55671
_d
55671